| 000 | 01506cam a2200313 4500 | ||
|---|---|---|---|
| 008 | #DATE n2004 000 0 eng u | ||
| 020 | _a0860176029 | ||
| 035 | _a(Sirsi) u128500 | ||
| 041 | _aeng | ||
| 050 |
_a690.22 _c18 |
||
| 100 | _aGilbertson, Alan | ||
| 245 |
_aCDM Regulations _bpractical guidance for clients and clients' agents |
||
| 260 |
_aLondon _bCIRIA _c2004 |
||
| 300 |
_a86p. _c30cm. |
||
| 350 | _a50 | ||
| 490 |
_aCIRIA Publication _vC602 |
||
| 520 | _aProvides advice for clients and their advisors on a client's legal duties under the Construction (Design and Management) Regulations 1994. Also explains the benefits that arise from the Regulations and how a client may develop a strategy for meeting the legal obligations in an effective manner. Glossary and references. | ||
| 520 | _aThis second edition takes account of the 2001 HSE document, "Managing health and safety in construction: Construction (Design and Management) Regulations 1994 - approved code of practice and guidance" (ISBN 0717621391). | ||
| 650 | _aCLIENTS | ||
| 650 |
_aCONSTRUCTION MANAGEMENT _96230 |
||
| 650 | _aCDM REGULATIONS | ||
| 650 | _aCONSTRUCTION (DESIGN AND MANAGEMENT) REGULATIONS 1994 | ||
| 650 |
_aHEALTH AND SAFETY _96244 |
||
| 690 | _aBUILT ENVIRONMENT-BUILDING STANDARDS | ||
| 710 |
_aWS Atkins Consultants Ltd _93623 |
||
| 710 |
_aConstruction Industry Research and Information Association _94810 |
||
| 710 |
_aUnited Kingdom _bDepartment of Trade and Industry |
||
| 942 | _n0 | ||
| 999 |
_c103936 _d103936 |
||